书目信息 |
| 题名: |
汽车机械制图习题集
|
|
| 作者: | 蔡雯 , 高洪一 , 巫杰 主编 | |
| 分册: | ||
| 出版信息: | 天津 天津科学技术出版社 2016.04 |
|
| 页数: | 187页 | |
| 开本: | 19×26cm | |
| 丛书名: | ||
| 单 册: | ||
| 中图分类: | U462.1-44 , U462-44 | |
| 科图分类: | ||
| 主题词: | 汽车--机械制图--习题集 | |
| 电子资源: | ||
| ISBN: | 978-7-5576-1000-5 | |
| 000 | 00901nam0 2200265 450 | |
| 001 | 5341 | |
| 005 | 20181015153858.98 | |
| 010 | @a978-7-5576-1000-5@dCNY28.00 | |
| 100 | @a20161213d2016 em y0chiy50 ea | |
| 101 | 0 | @achi |
| 102 | @aCN@b120000 | |
| 105 | @aa q 000yy | |
| 200 | 1 | @a汽车机械制图习题集@9qi che ji xie zhi tu xi ti ji@f蔡雯,高洪一,巫杰主编 |
| 210 | @a天津@c天津科学技术出版社@d2016.04 | |
| 215 | @a187页@d19×26cm | |
| 300 | @a21世纪汽车专业“十三五”规划新教材 任务引领、项目驱动型新教材 | |
| 330 | @a本书内容包括:制图的基本知识和规定、正投影基础、组合体、机件的表达方式、标准件与常用件、零件图、装配图。 | |
| 606 | 0 | @a汽车@x机械制图@j习题集 |
| 690 | @aU462.1-44@v5 | |
| 690 | @aU462-44@v4 | |
| 701 | 0 | @a蔡雯@9cai wen@4主编 |
| 701 | 0 | @a高洪一@9gao hong yi@4主编 |
| 701 | 0 | @a巫杰@9wu jie@4主编 |
| 801 | 0 | @aCN@b91MARC@c20161213 |
| 905 | @aMuseLib@dU462-44@e811 | |
| 汽车机械制图习题集/蔡雯,高洪一,巫杰主编.-天津:天津科学技术出版社,2016.04 |
| 187页;19×26cm |
| 21世纪汽车专业“十三五”规划新教材 任务引领、项目驱动型新教材 |
| ISBN 978-7-5576-1000-5:CNY28.00 |
| 本书内容包括:制图的基本知识和规定、正投影基础、组合体、机件的表达方式、标准件与常用件、零件图、装配图。 |
| ● |
| 相关链接 |
|
|
|
|
正题名:汽车机械制图习题集
索取号:U462-44/811
 
预约/预借
| 序号 | 登录号 | 条形码 | 馆藏地/架位号 | 状态 | 备注 |
| 1 | 1129230 | 211292304 | 第二样本阅览室/ [索取号:U462-44/811] | 在馆 | |
| 2 | 1129231 | 211292313 | 第三借阅区/ [索取号:U462-44/811] | 在馆 | |
| 3 | 1129232 | 211292322 | 第三借阅区/ [索取号:U462-44/811] | 在馆 | |
| 4 | 1129233 | 211292331 | 第三借阅区/ [索取号:U462-44/811] | 在馆 | |
| 5 | 1129234 | 211292340 | 第三借阅区/ [索取号:U462-44/811] | 在馆 |